La ética de la autenticidad
Gardado en:
| Autor Principal: | |
|---|---|
| Formato: | Libro |
| Idioma: | Lingua castelá |
| Publicado: |
Barcelona
Paidós
1994
|
| Subjects: | |
| Tags: |
Engadir etiqueta
Sen Etiquetas, Sexa o primeiro en etiquetar este rexistro!
|
MARC
| LEADER | 00000nam a2200000 a 4500 | ||
|---|---|---|---|
| 001 | UCZ9897 | ||
| 003 | CL-VaPUC | ||
| 008 | 960312e19940000SP |||||||||||||||||spa|d | ||
| 082 | 0 | 4 | |a 170 |b TAY |2 21 |
| 100 | 0 | |a Taylor, Charles |e author |9 445 | |
| 245 | 1 | 3 | |a La ética de la autenticidad |
| 300 | |a 146 p | ||
| 942 | |c BK | ||
| 945 | |d 19960312 00:00:00 |a aalvarez | ||
| 260 | |a Barcelona |b Paidós |c 1994 | ||
| 650 | 0 | |a Ética |9 255099 | |
| 650 | 0 | |a Moral |9 265913 | |
| 650 | 7 | |a FILOSOFIA CANADIENSE |2 CL-VaPUC |9 354848 | |
| 650 | 0 | |a Autenticidad |9 339453 | |
| 650 | 0 | |a Modernidad |9 265371 | |
| 583 | |a last modification |c 19960312 00:00:00 |k Rodrigo Vera | ||
| 999 | |c 244945 |d 244943 | ||
| 952 | |0 0 |1 2 |4 0 |6 170_000000000000000_TAY_1994 |7 0 |8 A |9 259235 |a BIBTEO |b BIBTEO |d 2019-11-19 |i 317672K |o 170 TAY 1994 |p 317672K |r 2019-11-19 |w 2019-11-19 |y BK |k ICR | ||